Разработка модуля аналогового ввода данных; Физико-технические проблемы в науке, промышленности и медицине

Dades bibliogràfiques
Parent link:Физико-технические проблемы в науке, промышленности и медицине.— 2016.— [С. 252-253]
Autor principal: Пищальников И. Г.
Autor corporatiu: Национальный исследовательский Томский политехнический университет
Altres autors: Обходский А. В. Артем Викторович
Sumari:Заглавие с экрана
Idioma:rus
Publicat: 2016
Col·lecció:Информационные технологии, автоматизация и системы управления
Matèries:
Accés en línia:http://earchive.tpu.ru/handle/11683/31164
Format: MixedMaterials Electrònic Capítol de llibre
KOHA link:https://koha.lib.tpu.ru/cgi-bin/koha/opac-detail.pl?biblionumber=619333

MARC

LEADER 00000naa2a2200000 4500
001 619333
005 20260225142914.0
035 |a (RuTPU)RU\TPU\conf\17750 
035 |a RU\TPU\conf\17742 
090 |a 619333 
100 |a 20160818d2016 k y0rusy50 ca 
101 0 |a rus 
102 |a RU 
105 |a y z 101zy 
135 |a drgn ---uucaa 
181 0 |a i  
182 0 |a b 
200 1 |a Разработка модуля аналогового ввода данных  |f И. Г. Пищальников, А. В. Обходский 
203 |a Текст  |c электронный 
225 1 |a Информационные технологии, автоматизация и системы управления 
300 |a Заглавие с экрана 
320 |a [Библиогр.: с. 253 (2 назв.)] 
463 0 |0 (RuTPU)RU\TPU\conf\17455  |t Физико-технические проблемы в науке, промышленности и медицине  |o сборник тезисов докладов VIII Международной научно-практической конференции, г. Томск, 1-3 июня 2016 г.  |f Национальный исследовательский Томский политехнический университет (ТПУ) ; под ред. О. Ю. Долматова [и др.]  |v [С. 252-253]  |d 2016 
610 1 |a труды учёных ТПУ 
610 1 |a электронный ресурс 
610 1 |a модули 
610 1 |a аналоговые выводы 
610 1 |a данные 
610 1 |a аналоговые сигналы 
610 1 |a микроконтроллеры 
610 1 |a АСУТП 
610 1 |a автоматизация 
610 1 |a технологические процессы 
700 1 |a Пищальников  |b И. Г. 
701 1 |a Обходский  |b А. В.  |c специалист в области атомной энергетики  |c доцент Томского политехнического университета, кандидат технических наук  |f 1982-  |g Артем Викторович  |3 (RuTPU)RU\TPU\pers\27571 
712 0 2 |a Национальный исследовательский Томский политехнический университет  |c (2009- )  |9 26305 
801 2 |a RU  |b 63413507  |c 20160826  |g RCR 
856 4 |u http://earchive.tpu.ru/handle/11683/31164 
942 |c BK